000 00427nam a2200181Ia 4500
001 23825
005 20260414151003.0
008 260414t2011||||xx |||||||||||||| ||spa||
041 _aESP
082 _a720
_bA64
100 _aAparicio Guisado, Jesús María
_eAUT
245 0 _aEnseñando a mirar
_b
260 _c2011
300 _a145 páginas :
_c21 cm.
650 _aABD
654 _aCAU
942 _cLIB
_dJUS
_fJUS
_2ddc
_n
999 _c23825
_d23825